Jok dar jok (Record no. 69536)

000 -LEADER
fixed length control field 00444nam a22001697a 4500
003 - CONTROL NUMBER IDENTIFIER
control field NUST - PNEC
005 - DATE AND TIME OF LATEST TRANSACTION
control field 20170116181120.0
008 - FIXED-LENGTH DATA ELEMENTS--GENERAL INFORMATION
fixed length control field 151004b xxu||||| |||| 00| 0 eng d
020 ## - INTERNATIONAL STANDARD BOOK NUMBER
International Standard Book Number -
040 ## - CATALOGING SOURCE
Transcribing agency LIBRARY
082 ## - DEWEY DECIMAL CLASSIFICATION NUMBER
Classification number 891.43 BUT
100 ## - MAIN ENTRY--PERSONAL NAME
9 (RLIN) 13463
Personal name Butt, Muhammad Younus
Numeration Butt, Muhammad Younus
245 ## - TITLE STATEMENT
Title Jok dar jok
Statement of responsibility, etc. Muhammad Younus Butt
260 ## - PUBLICATION, DISTRIBUTION, ETC.
Date of publication, distribution, etc. c.2002
650 ## - SUBJECT ADDED ENTRY--TOPICAL TERM
9 (RLIN) 13465
Topical term or geographic name entry element Urdu Literature
General subdivision General
942 ## - ADDED ENTRY ELEMENTS (KOHA)
Source of classification or shelving scheme
Koha item type Book
Holdings
Withdrawn status Lost status Source of classification or shelving scheme Damaged status Not for loan Permanent Location Current Location Shelving location Date acquired Total Checkouts Full call number Barcode Date last seen Price effective from Koha item type
          Pakistan Navy Engineering College (PNEC) Pakistan Navy Engineering College (PNEC)       891.43 BUT PNECLIB-020878 10/04/2015   Book
© 2023 Central Library, National University of Sciences and Technology. All Rights Reserved.